Wie groß ist dein Wortschatz? A-Z #2 - Statistiken

Allgemein
  • Dieses Quiz wurde 110 mal gespielt
  • Das Durchschnittsergebnis liegt bei 6 aus 26
Antwortstatistiken
Hinweis Wort % Korrekt
E - Beredsamkeit / Wortgewandtheit Eloquenz
64%
Y - junge, karrierebewusste Person in der Stadt, die viel Wert auf die äußere Erscheinung legt Yuppie
51%
Q - Kernpunkt / Hauptgedanke Quintessenz
47%
R - Widerstandskraft gegen schadhafte Einflüsse Resilienz
42%
D - Person, die durch leidenschaftliche Reden aufhetzt, aufwiegelt Demagoge/Demagogin
41%
K - Person mit außergewöhnlichen Fähigkeiten, großer Expertise auf einem bestimmten Gebiet Koryphäe
38%
M - Schleife, Windung im Flusslauf Mäander
38%
P - Geschlechtsverkehr mit häufig wechselnden Partnerinnen/Partnern Promiskuität
33%
W - nur selten wasserführendes Flussbett in der Wüste Wadi
32%
C - Überzeugung / Bekenntnis / Leitsatz Credo
30%
H - Ketzerei / verdammenswerte Meinung / abweichende Lehre Häresie
30%
F - Schwankung / wechselhafte Änderung Fluktuation
20%
A - Mehrdeutigkeit / Doppelsinnigkeit Ambiguität
19%
T - Abhandlung / ideologische Schrift Traktat
18%
B - Verweigerung / Ächtung / Beziehungsabbruch Boykott
13%
O - die in seiner Herstellung, seinen Materialien angelegte Alterung eines Produkts Obsoleszenz
13%
N - besonderes Ansehen / glanzvoller Ruhm Nimbus
11%
J - Rechtsprechung / Gerichtsbarkeit Jurisdiktion
9%
Z - gestufter Tempelturm der babylonischen Architektur Zikkurat
9%
I - Tatkraft / ungestümer Drang Impetus
8%
L - Stichwort in einem Nachschlagewerk / Hilfssatz bei einer Beweisführung / gedankliche Annahme Lemma
8%
X - holziges Leitgewebe von Gefäßpflanzen für den Wassertransport Xylem
8%
S - harmloser Schwindel / kleiner Betrug Schmu
7%
U - Ungebundenheit an einen Standort / Allgegenwart / überall unbegrenzt erhältliches Gut Ubiquität
4%
G - hoheitsvolles, würdevolles Benehmen, Auftreten Grandezza
3%
V - Handbuch / Leitfaden Vademekum
2%
Keine übereinstimmenden Quizze gefunden
Verteilung der Resultate
Anzahl Personen mit jedem Resultat
Perzentil nach korrekt beantworteten Fragen
Ihre Resultats-Entwicklung
Sie haben dieses Quiz noch nicht gespielt